[Event "80th ARM-ch 1st League 2019"]
[Site "Yerevan"]
[Date "2019.08.24"]
[Round "7.7"]
[White "Gevorgyan, Albert"]
[Black "Harutjunyan, Gevorg"]
[Result "1-0"]
[WhiteElo "2175"]
[BlackElo "2455"]
[Annotator "ChessBase"]
[PlyCount "111"]
[EventDate "2019.08.18"]
[EventType "tourn"]
[EventCountry "ARM"]
[SourceTitle "playchess.com"]
[Source "ChessBase"]
[SourceQuality "1"]
[TimeControl "40/5400+30:1800+30"]

1. Nf3 {[%emt 0:00:00]} Nf6 {[%emt 0:00:00]} 2. c4 {[%emt 0:00:13]} d6 {[%emt 0:00:10]} 3. d4 {[%emt 0:00:23]} Nbd7 {[%emt 0:00:30]} 4. Nc3 {[%emt 0:00:29]} e5 {[%emt 0:00:29]} 5. g3 {[%emt 0:02:13]} g6 {[%emt 0:01:08]} 6. Bg2 {[%emt 0:00:10]} Bg7 7. O-O {[%emt 0:00:29]} O-O {[%emt 0:00:19]} 8. e4 {[%emt 0:00:41]} c6 {[%emt 0:00:27]} 9. h3 {[%emt 0:02:04]} exd4 {[%emt 0:00:32]} 10. Nxd4 {[%emt 0:00:07]} Qb6 {[%emt 0:01:42]} 11. Re1 {[%emt 0:02:58]} Ng4 {[%emt 0:03:53]} 12. Nce2 {[%emt 0:00:19]} Nge5 {[%emt 0:01:24]} 13. b3 {[%emt 0:05:09]} Nc5 {[%emt 0:03:20]} 14. Be3 {[%emt 0:00:43]} Re8 {[%emt 0:01:26]} 15. Qc2 {[%emt 0:07:27]} a5 {[%emt 0:04:23]} 16. Red1 {[%emt 0:06:06]} Qc7 {[%emt 0:07:50]} 17. Rab1 {[%emt 0:05:20]} Qe7 {[%emt 0:03:20]} 18. Nc3 {[%emt 0:06:43]} Ned7 {[%emt 0:06:47]} 19. Re1 {[%emt 0:12:21]} Nf6 {[%emt 0:05:39]} 20. Rbd1 {[%emt 0:01:57]} Qf8 {[%emt 0:06:04]} 21. f4 {[%emt 0:12:13]} h5 {[%emt 0:09:04]} 22. Bf2 {[%emt 0:03:46]} Nh7 {[%emt 0:04:35]} 23. Kh2 {[%emt 0:04:37]} Bh6 {[%emt 0:06:29]} 24. Nf3 {[%emt 0:03:49]} Bg7 {[%emt 0:09:58]} 25. Bd4 {[%emt 0:03:39]} Bxd4 {[%emt 0:05:29]} 26. Rxd4 {[%emt 0:00:37]} Nf6 {[%emt 0:01:18]} 27. Qd1 {[%emt 0:01:31]} Rb8 {[%emt 0:05:50]} 28. Ng5 {[%emt 0:01:57]} h4 {[%emt 0:01:36]} 29. g4 {[%emt 0:00:29]} Qg7 {[%emt 0:01:53]} 30. Qd2 {[%emt 0:03:55]} a4 {[%emt 0:07:07]} 31. Rxd6 {[%emt 0:06:26]} axb3 {[%emt 0:00:07]} 32. e5 {[%emt 0:00:21]} Nh7 {[%emt 0:00:58]} 33. Nxh7 {[%emt 0:00:28]} Kxh7 {[%emt 0:00:05]} 34. Qf2 {[%emt 0:00:08]} Nd7 {[%emt 0:01:51]} 35. Ne4 {[%emt 0:01:08]} Kg8 {[%emt 0:01:13]} 36. axb3 {[%emt 0:00:29]} Re6 {[%emt 0:00:31]} 37. Red1 {[%emt 0:00:55]} Rxd6 {[%emt 0:00:31]} 38. Rxd6 {[%emt 0:00:05]} g5 {[%emt 0:00:17]} 39. Nf6+ {[%emt 0:01:17]} Nxf6 {[%emt 0:00:09]} 40. exf6 {[%emt 0:00:00]} Qf8 {[%emt 0:00:00]} 41. Qd2 {[%emt 0:00:19]} Be6 {[%emt 0:00:27]} 42. f5 {[%emt 0:00:04]} Bd5 {[%emt 0:00:29]} 43. Qxg5+ {[%emt 0:01:05]} Kh7 {[%emt 0:00:04]} 44. Qxh4+ {[%emt 0:01:29]} Kg8 {[%emt 0:00:05]} 45. Qg5+ {[%emt 0:02:41]} Kh7 {[%emt 0:00:16]} 46. Rd7 {[%emt 0:00:32]} Bxg2 {[%emt 0:00:06]} 47. Kxg2 {[%emt 0:01:25]} Kh8 {[%emt 0:00:27]} 48. h4 {[%emt 0:01:46]} b5 {[%emt 0:00:46]} 49. cxb5 {[%emt 0:00:37]} cxb5 {[%emt 0:00:22]} 50. h5 {[%emt 0:00:20]} b4 {[%emt 0:00:24]} 51. h6 {[%emt 0:00:32]} Rc8 {[%emt 0:01:23]} 52. Qg7+ {[%emt 0:00:29]} Qxg7 {[%emt 0:00:06]} 53. fxg7+ {[%emt 0:00:10]} Kg8 {[%emt 0:00:05]} 54. g5 {[%emt 0:00:18]} Re8 {[%emt 0:00:13]} 55. g6 {[%emt 0:00:11]} fxg6 {[%emt 0:00:25]} 56. f6 {[%emt 0:00:08]} 1-0

[Event "80th ARM-ch 1st League 2019"]
[Site "Yerevan"]
[Date "2019.08.26"]
[Round "8.1"]
[White "Chaqryan, Erik"]
[Black "Gevorgyan, Albert"]
[Result "1-0"]
[WhiteElo "2105"]
[BlackElo "2175"]
[Annotator "NA"]
[PlyCount "57"]
[EventDate "2019.08.18"]
[EventType "tourn"]
[EventCountry "ARM"]
[SourceTitle "playchess.com"]
[Source "ChessBase"]
[SourceQuality "1"]
[TimeControl "40/5400+30:1800+30"]

1. e4 {[%emt 0:00:02]} e5 {[%emt 0:00:16]} 2. Nf3 {[%emt 0:00:15]} Nc6 {[%emt 0:00:11]} 3. d4 {[%emt 0:01:38]} exd4 {[%emt 0:00:47]} 4. Nxd4 {[%emt 0:00:06]} Qf6 {[%emt 0:00:10]} 5. Be3 {[%emt 0:01:28]} Bc5 {[%emt 0:00:48]} 6. c3 {[%emt 0:00:26]} Nge7 {[%emt 0:00:47]} 7. Bc4 {[%emt 0:01:42]} b6 {[%emt 0:01:04]} 8. O-O {[%emt 0:01:55]} O-O {[%emt 0:00:14]} 9. f4 {[%emt 0:20:19]} d5 {[%emt 0:00:29]} 10. e5 {[%emt 0:02:03]} Qh6 {[%emt 0:00:23]} 11. Be2 {[%emt 0:22:53]} Nxe5 {[%emt 0:00:32]} 12. Qd2 {[%emt 0:00:19]} N5c6 {[%emt 0:13:01]} 13. f5 {[%emt 0:00:31]} Qf6 {[%emt 0:00:33]} 14. g4 {[%emt 0:02:52]} a5 {[%emt 0:20:12]} 15. Na3 {[%emt 0:03:37]} Nxd4 {[%emt 0:03:50]} 16. cxd4 {[%emt 0:00:12]} Bb4 {[%emt 0:00:04]} 17. Qc1 {[%emt 0:04:07]} h6 {[%emt 0:21:39]} 18. Nc2 {[%emt 0:07:33]} Nc6 {[%emt 0:02:26]} 19. a3 {[%emt 0:06:39]} Be7 {[%emt 0:03:23]} 20. Qd2 {[%emt 0:01:50]} Ba6 {[%emt 0:10:14]} 21. Bxa6 {[%emt 0:00:18]} Rxa6 {[%emt 0:00:02]} 22. Rf3 {[%emt 0:02:26]} b5 {[%emt 0:06:49]} 23. Raf1 {[%emt 0:02:34]} Qd6 {[%emt 0:06:55]} 24. g5 {[%emt 0:02:12]} hxg5 {[%emt 0:01:55]} 25. Bxg5 {[%emt 0:00:02]} Bxg5 {[%emt 0:00:15]} 26. Qxg5 {[%emt 0:00:01]} Qf6 {[%emt 0:00:06]} 27. Qxf6 {[%emt 0:00:14]} gxf6 {[%emt 0:00:41]} 28. Rg3+ {[%emt 0:00:26]} Kh7 {[%emt 0:00:16]} 29. Rf4 {[%emt 0:00:04]} 1-0

[Event "80th ARM-ch 1st League 2019"]
[Site "Yerevan"]
[Date "2019.08.26"]
[Round "8.2"]
[White "Davtyan, Artur"]
[Black "Khojayan, Vardan"]
[Result "1/2-1/2"]
[WhiteElo "2440"]
[BlackElo "2236"]
[Annotator "NA"]
[PlyCount "140"]
[EventDate "2019.08.18"]
[EventType "tourn"]
[EventCountry "ARM"]
[SourceTitle "playchess.com"]
[Source "ChessBase"]
[SourceQuality "1"]
[TimeControl "40/5400+30:1800+30"]

1. d4 {[%emt 0:03:26]} Nf6 {[%emt 0:00:00]} 2. c4 {[%emt 0:00:03]} e6 {[%emt 0:00:00]} 3. Nf3 {[%emt 0:00:06]} c5 {[%emt 0:00:00]} 4. d5 {[%emt 0:00:04]} exd5 {[%emt 0:00:04]} 5. cxd5 {[%emt 0:00:03]} d6 {[%emt 0:00:06]} 6. Nc3 {[%emt 0:00:03]} g6 {[%emt 0:00:18]} 7. e4 {[%emt 0:00:07]} a6 {[%emt 0:00:20]} 8. a4 {[%emt 0:00:15]} Bg4 {[%emt 0:00:06]} 9. Be2 {[%emt 0:01:21]} Bxf3 {[%emt 0:00:07]} 10. Bxf3 {[%emt 0:00:03]} Bg7 {[%emt 0:00:07]} 11. O-O {[%emt 0:07:49]} O-O {[%emt 0:00:18]} 12. Bf4 {[%emt 0:06:51]} Ne8 {[%emt 0:00:19]} 13. Qc2 {[%emt 0:07:59] A75: Modern Benoni: Classical: 9...a6 10 a4 Bg4} Nd7 {[%emt 0:01:05] [#]} 14. Rae1 $146 {[%emt 0:04:48]} ({Predecessor:} 14. Be2 Rb8 15. Rab1 Qe7 16. Rfc1 Bd4 17. Bg3 Ng7 18. Re1 Rbe8 19. Qd2 Nf6 20. Qg5 Qd7 {1-0 (51) Kuzubov,Y (2545)-Jobava,B (2658) Dresden 2007}) 14... Qe7 {[%emt 0:02:14]} 15. Bg3 {[%emt 0:04:45]} Nc7 {[%emt 0:07:10]} 16. Bg4 {[%emt 0:01:19]} Ne5 {[%emt 0:14:43]} 17. Be2 {[%emt 0:00:18]} b5 {[%emt 0:03:58]} 18. axb5 {[%emt 0:19:24]} Nxb5 {[%emt 0:02:36]} 19. Bxb5 {[%emt 0:00:06]} axb5 {[%emt 0:00:08]} 20. Nxb5 {[%emt 0:03:08]} Rfb8 {[%emt 0:01:13]} 21. Qe2 {[%emt 0:00:04]} Ra2 $14 {[%emt 0:14:13]} (21... Qd7 $11 22. Nc3 Qa7) 22. Rb1 {[%emt 0:01:41]} Ra4 {[%emt 0:02:01]} 23. b4 {[%emt 0:17:51]} cxb4 {[%emt 0:01:06]} 24. Nd4 {[%emt 0:01:45]} Rba8 {[%emt 0:00:05]} 25. h3 {[%emt 0:09:19]} Qa7 {[%emt 0:13:20]} 26. Rfd1 {[%emt 0:00:02]} Ra2 {[%emt 0:02:47]} 27. Qf1 {[%emt 0:01:05]} Qc5 {[%emt 0:03:02]} 28. Qb5 {[%emt 0:03:28]} Nf3+ {[%emt 0:00:56]} 29. gxf3 {[%emt 0:00:19]} Bxd4 {[%emt 0:00:03]} 30. Qf1 {[%emt 0:01:10]} Rc2 {[%emt 0:00:49]} 31. Qg2 {[%emt 0:04:04]} Raa2 {[%emt 0:00:25]} 32. Rf1 {[%emt 0:00:01]} Qb6 {[%emt 0:03:18]} 33. f4 {[%emt 0:01:03]} Re2 {[%emt 0:07:37]} 34. Qf3 {[%emt 0:00:02]} Qc5 {[%emt 0:00:49]} 35. Rb3 {[%emt 0:03:01]} Qc4 {[%emt 0:01:10]} 36. e5 {[%emt 0:00:26]} dxe5 {[%emt 0:04:17]} 37. fxe5 {[%emt 0:00:01]} Bxe5 {[%emt 0:02:08]} 38. d6 {[%emt 0:00:34]} Rad2 {[%emt 0:02:09]} 39. d7 {[%emt 0:01:05]} Bxg3 {[%emt 0:03:53]} 40. Qxg3 {[%emt 0:00:00]} Rxd7 {[%emt 0:00:00]} 41. Qb8+ {[%emt 0:00:16]} Kg7 {[%emt 0:03:49]} 42. Qxb4 {[%emt 0:00:37]} Qe6 {[%emt 0:01:11]} 43. Qc3+ {[%emt 0:00:22]} f6 {[%emt 0:00:52]} 44. Rb4 {[%emt 0:02:02]} Qf5 {[%emt 0:04:11]} 45. Qg3 {[%emt 0:01:19]} Red2 {[%emt 0:01:00]} 46. Rf4 {[%emt 0:01:12]} Qe5 {[%emt 0:01:02]} 47. Rf3 {[%emt 0:00:27]} Qd5 {[%emt 0:03:49]} 48. Qf4 {[%emt 0:00:30]} Qc6 {[%emt 0:01:10]} 49. Re3 {[%emt 0:01:22]} R2d5 {[%emt 0:00:19]} 50. Rfe1 {[%emt 0:00:41]} Rg5+ {[%emt 0:04:08]} 51. Rg3 {[%emt 0:00:02]} Rxg3+ {[%emt 0:00:18]} 52. fxg3 {[%emt 0:05:04]} Qc5+ {[%emt 0:00:13]} 53. Qf2 {[%emt 0:00:35]} Qg5 {[%emt 0:00:20]} 54. Qe3 {[%emt 0:00:54]} Qf5 {[%emt 0:01:09]} 55. Qe6 {[%emt 0:00:59]} Qxe6 {[%emt 0:01:32]} 56. Rxe6 {[%emt 0:00:04]} Rd3 {[%emt 0:00:05]} 57. Kg2 {[%emt 0:00:18]} Kf7 {[%emt 0:00:05]} 58. Ra6 {[%emt 0:00:05]} h5 {[%emt 0:00:06]} 59. h4 {[%emt 0:01:08]} Ke7 {[%emt 0:00:11]} 60. Kf2 {[%emt 0:00:30]} Rd6 {[%emt 0:00:09]} 61. Ra5 {[%emt 0:00:31]} Ke6 {[%emt 0:00:09]} 62. Kf3 {[%emt 0:00:01]} Rd5 {[%emt 0:00:36]} 63. Ra4 {[%emt 0:00:04]} Rb5 {[%emt 0:00:43]} 64. Re4+ {[%emt 0:00:45]} Kd5 {[%emt 0:00:12]} 65. Re8 {[%emt 0:01:00]} Rb3+ {[%emt 0:00:26]} 66. Kf4 {[%emt 0:00:08]} Rb4+ {[%emt 0:00:03]} 67. Kf3 {[%emt 0:00:05]} Rb6 {[%emt 0:00:05]} 68. Rg8 {[%emt 0:00:24]} Rb3+ {[%emt 0:00:58]} 69. Kg2 {[%emt 0:00:11]} f5 {[%emt 0:02:04]} 70. Rxg6 {[%emt 0:00:15]} f4 {[%emt 0:00:20]} 1/2-1/2

[Event "80th ARM-ch 1st League 2019"]
[Site "Yerevan"]
[Date "2019.08.26"]
[Round "8.3"]
[White "Gharibyan, Mamikon"]
[Black "Mikaelyan, Arman"]
[Result "1-0"]
[WhiteElo "2365"]
[BlackElo "2454"]
[Annotator "ChessBase"]
[PlyCount "75"]
[EventDate "2019.08.18"]
[EventType "tourn"]
[EventCountry "ARM"]
[SourceTitle "playchess.com"]
[Source "ChessBase"]
[SourceQuality "1"]
[TimeControl "40/5400+30:1800+30"]

1. d4 {[%emt 0:00:00]} Nf6 {[%emt 0:00:00]} 2. c4 {[%emt 0:00:36]} e6 {[%emt 0:00:07]} 3. Nf3 {[%emt 0:01:11]} c5 {[%emt 0:00:29]} 4. d5 {[%emt 0:01:17]} exd5 {[%emt 0:00:17]} 5. cxd5 {[%emt 0:00:06]} d6 {[%emt 0:00:05]} 6. Nc3 {[%emt 0:00:39]} g6 {[%emt 0:00:09]} 7. Nd2 {[%emt 0:02:01]} Bg7 {[%emt 0:01:25]} 8. e4 {[%emt 0:01:07]} O-O {[%emt 0:00:18]} 9. Be2 {[%emt 0:00:05]} Na6 {[%emt 0:02:33]} 10. O-O {[%emt 0:00:48]} Re8 {[%emt 0:04:06]} 11. Re1 {[%emt 0:19:27]} Rb8 {[%emt 0:04:14]} 12. a4 {[%emt 0:10:41]} Nb4 {[%emt 0:13:14]} 13. h3 {[%emt 0:14:09]} b6 {[%emt 0:10:09]} 14. Bf1 {[%emt 0:06:15]} Nh5 {[%emt 0:07:55]} 15. Nc4 {[%emt 0:02:18]} Ba6 {[%emt 0:13:45]} 16. Nb5 {[%emt 0:02:46]} Bxb5 {[%emt 0:01:14]} 17. axb5 {[%emt 0:00:05]} Rb7 {[%emt 0:00:11]} 18. Bd2 {[%emt 0:07:40]} Rbe7 {[%emt 0:03:06]} 19. g4 {[%emt 0:02:33]} Nf6 {[%emt 0:04:25]} 20. f3 {[%emt 0:00:05]} h5 {[%emt 0:01:48]} 21. Qb3 {[%emt 0:11:10]} hxg4 {[%emt 0:14:31]} 22. hxg4 {[%emt 0:00:09]} Nh7 {[%emt 0:00:32]} 23. Rad1 {[%emt 0:11:15]} f5 {[%emt 0:05:38]} 24. Bf4 {[%emt 0:03:47]} fxe4 {[%emt 0:01:11]} 25. Nxd6 {[%emt 0:00:27]} Rf8 {[%emt 0:00:46]} 26. Nxe4 {[%emt 0:00:33]} Rxf4 {[%emt 0:02:16]} 27. d6+ {[%emt 0:00:03]} Ref7 {[%emt 0:00:07]} 28. Bc4 {[%emt 0:00:15]} Kf8 {[%emt 0:01:48]} 29. Bxf7 {[%emt 0:00:04]} Rxf7 {[%emt 0:00:11]} 30. Kg2 {[%emt 0:01:32]} Qd7 {[%emt 0:01:07]} 31. Rh1 {[%emt 0:00:40]} Be5 {[%emt 0:00:37]} 32. Qe3 {[%emt 0:00:45]} Nc2 {[%emt 0:01:44]} 33. Qh6+ {[%emt 0:00:37]} Bg7 {[%emt 0:01:33]} 34. Qd2 {[%emt 0:00:34]} Nd4 {[%emt 0:00:03]} 35. Rxh7 {[%emt 0:00:47]} Nxf3 {[%emt 0:00:07]} 36. Qd5 {[%emt 0:00:42]} Qxg4+ {[%emt 0:00:53]} 37. Ng3 {[%emt 0:00:02]} Nd4 {[%emt 0:02:35]} 38. Qa8+ {[%emt 0:00:21]} 1-0

[Event "80th ARM-ch 1st League 2019"]
[Site "Yerevan"]
[Date "2019.08.26"]
[Round "8.4"]
[White "Harutyunian, Tigran K."]
[Black "Sargsyan, Shant"]
[Result "0-1"]
[WhiteElo "2555"]
[BlackElo "2540"]
[Annotator "ChessBase"]
[PlyCount "102"]
[EventDate "2019.08.18"]
[EventType "tourn"]
[EventCountry "ARM"]
[SourceTitle "playchess.com"]
[Source "ChessBase"]
[SourceQuality "1"]
[TimeControl "40/5400+30:1800+30"]

1. c4 {[%emt 0:00:00]} e5 {[%emt 0:07:39]} 2. g3 {[%emt 0:00:01]} Nf6 {[%emt 0:01:22]} 3. Bg2 {[%emt 0:00:42]} Nc6 {[%emt 0:01:02]} 4. Nf3 {[%emt 0:03:20]} d5 {[%emt 0:02:10]} 5. cxd5 {[%emt 0:00:20]} Nxd5 {[%emt 0:00:02]} 6. O-O {[%emt 0:00:11]} Nb6 {[%emt 0:00:15]} 7. b3 {[%emt 0:00:24]} Bd6 {[%emt 0:03:38]} 8. Bb2 {[%emt 0:00:48]} O-O {[%emt 0:00:15]} 9. Nc3 {[%emt 0:01:00]} Re8 {[%emt 0:01:00]} 10. Rc1 {[%emt 0:05:10]} Bf8 {[%emt 0:03:04]} 11. d3 {[%emt 0:01:54]} Be6 {[%emt 0:04:14]} 12. Ne4 {[%emt 0:00:55]} f6 {[%emt 0:02:28]} 13. Nc5 {[%emt 0:06:40]} Bxc5 {[%emt 0:00:41]} 14. Rxc5 {[%emt 0:00:07]} a5 {[%emt 0:01:30]} 15. d4 {[%emt 0:16:29]} a4 {[%emt 0:09:10]} 16. Qb1 {[%emt 0:12:32]} axb3 {[%emt 0:02:13]} 17. axb3 {[%emt 0:01:13]} exd4 {[%emt 0:02:41]} 18. Rh5 {[%emt 0:05:18]} d3 {[%emt 0:03:41]} 19. exd3 {[%emt 0:04:35]} Bd5 {[%emt 0:05:01]} 20. Rh4 {[%emt 0:07:38]} Qd7 {[%emt 0:05:52]} 21. Rc1 {[%emt 0:06:50]} Re2 {[%emt 0:05:28]} 22. Rf4 {[%emt 0:01:13]} Bxb3 {[%emt 0:10:24]} 23. Nd4 {[%emt 0:10:31]} Ba2 {[%emt 0:04:50]} 24. Qa1 {[%emt 0:00:37]} Bd5 {[%emt 0:03:20]} 25. Qxa8+ {[%emt 0:06:20]} Nxa8 {[%emt 0:00:06]} 26. Nxe2 {[%emt 0:01:16]} Bxg2 {[%emt 0:00:10]} 27. Kxg2 {[%emt 0:00:01]} Qxd3 {[%emt 0:00:47]} 28. Nd4 {[%emt 0:01:52]} g5 {[%emt 0:03:17]} 29. Rf3 {[%emt 0:01:34]} Qe4 {[%emt 0:00:26]} 30. Nxc6 {[%emt 0:00:41]} g4 {[%emt 0:02:29]} 31. Nd4 {[%emt 0:00:27]} Qd5 {[%emt 0:02:56]} 32. Rcc3 {[%emt 0:00:54]} gxf3+ {[%emt 0:01:33]} 33. Rxf3 {[%emt 0:00:06]} Nb6 {[%emt 0:00:46]} 34. Nf5 {[%emt 0:00:15]} Kf7 {[%emt 0:01:07]} 35. Bxf6 {[%emt 0:01:49]} Nc4 {[%emt 0:02:02]} 36. Bc3 {[%emt 0:01:12]} Ke8 {[%emt 0:00:26]} 37. g4 {[%emt 0:00:21]} c5 {[%emt 0:01:04]} 38. Kg3 {[%emt 0:00:15]} b5 {[%emt 0:00:20]} 39. Ng7+ {[%emt 0:01:10]} Kd7 {[%emt 0:00:23]} 40. Nh5 {[%emt 0:00:00]} Qd6+ {[%emt 0:00:00]} 41. Kh4 {[%emt 0:02:00]} Qxh2+ {[%emt 0:02:03]} 42. Kg5 {[%emt 0:01:36]} b4 {[%emt 0:00:33]} 43. Bg7 {[%emt 0:01:54]} Nd6 {[%emt 0:01:45]} 44. Nf4 {[%emt 0:01:41]} h6+ {[%emt 0:00:57]} 45. Kg6 {[%emt 0:00:58]} Qh4 {[%emt 0:00:06]} 46. Nd3 {[%emt 0:01:19]} Qxg4+ {[%emt 0:00:08]} 47. Kh7 {[%emt 0:00:13]} Qe4+ {[%emt 0:00:19]} 48. Kh8 {[%emt 0:00:26]} Kc6 {[%emt 0:00:35]} 49. Re3 {[%emt 0:01:50]} Qf5 {[%emt 0:00:30]} 50. f4 {[%emt 0:00:23]} Kb5 {[%emt 0:00:44]} 51. Nxc5 {[%emt 0:01:48]} Qc8+ {[%emt 0:00:06]} 0-1

[Event "80th ARM-ch 1st League 2019"]
[Site "Yerevan"]
[Date "2019.08.26"]
[Round "8.5"]
[White "Harutjunyan, Gevorg"]
[Black "Baghdasaryan, Vahe"]
[Result "1/2-1/2"]
[WhiteElo "2455"]
[BlackElo "2373"]
[Annotator "ChessBase"]
[PlyCount "118"]
[EventDate "2019.08.18"]
[EventType "tourn"]
[EventCountry "ARM"]
[SourceTitle "playchess.com"]
[Source "ChessBase"]
[SourceQuality "1"]
[TimeControl "40/5400+30:1800+30"]

1. e4 {[%emt 0:00:00]} c5 {[%emt 0:00:00]} 2. Nf3 {[%emt 0:00:00]} Nc6 {[%emt 0:01:25]} 3. d4 {[%emt 0:00:00]} cxd4 {[%emt 0:00:06]} 4. Nxd4 {[%emt 0:00:03]} Nf6 {[%emt 0:01:34]} 5. Nc3 {[%emt 0:00:10]} e5 {[%emt 0:01:49]} 6. Ndb5 {[%emt 0:00:17]} d6 {[%emt 0:00:08]} 7. Bg5 {[%emt 0:00:48]} a6 {[%emt 0:00:23]} 8. Na3 {[%emt 0:02:25]} Be6 {[%emt 0:01:32]} 9. Nc4 {[%emt 0:02:00]} Rc8 {[%emt 0:06:48]} 10. Ne3 {[%emt 0:00:25]} Nd4 {[%emt 0:10:06]} 11. Bd3 {[%emt 0:04:12]} Be7 {[%emt 0:00:38]} 12. Bxf6 {[%emt 0:00:34]} Bxf6 {[%emt 0:00:24]} 13. Ncd5 {[%emt 0:02:12]} Bg5 {[%emt 0:04:30]} 14. c3 {[%emt 0:01:45]} Bxd5 {[%emt 0:08:10]} 15. Nxd5 {[%emt 0:00:15]} Ne6 {[%emt 0:00:06]} 16. g3 {[%emt 0:01:33]} O-O {[%emt 0:06:47]} 17. O-O {[%emt 0:00:29]} g6 {[%emt 0:06:15]} 18. Qe2 {[%emt 0:13:52]} Kh8 {[%emt 0:10:16]} 19. Rad1 {[%emt 0:04:49]} Qe8 {[%emt 0:12:43]} 20. Bc2 {[%emt 0:05:19]} f5 {[%emt 0:06:43]} 21. f4 {[%emt 0:11:59]} exf4 {[%emt 0:00:31]} 22. exf5 {[%emt 0:00:47]} gxf5 {[%emt 0:00:33]} 23. gxf4 {[%emt 0:09:27]} Bh4 {[%emt 0:00:05]} 24. Kh1 {[%emt 0:01:08]} Nc5 {[%emt 0:04:42]} 25. Qf3 {[%emt 0:05:06]} Ne4 {[%emt 0:08:00]} 26. Ne3 {[%emt 0:09:10]} Rc5 {[%emt 0:01:55]} 27. Nxf5 {[%emt 0:08:57]} Rcxf5 {[%emt 0:01:29]} 28. Qxe4 {[%emt 0:00:23]} Qxe4+ {[%emt 0:03:02]} 29. Bxe4 {[%emt 0:00:09]} Rxf4 {[%emt 0:00:22]} 30. Rxf4 {[%emt 0:00:13]} Rxf4 {[%emt 0:00:05]} 31. Bxb7 {[%emt 0:00:07]} Rf2 {[%emt 0:00:36]} 32. Rxd6 {[%emt 0:12:25]} Rxb2 {[%emt 0:00:32]} 33. Bd5 {[%emt 0:01:26]} a5 {[%emt 0:02:05]} 34. Ra6 {[%emt 0:00:50]} Be1 {[%emt 0:01:01]} 35. Rxa5 {[%emt 0:02:04]} Bxc3 {[%emt 0:00:37]} 36. Ra8+ {[%emt 0:00:18]} Kg7 {[%emt 0:00:01]} 37. Ra7+ {[%emt 0:00:08]} Kh6 {[%emt 0:00:56]} 38. h3 {[%emt 0:01:30]} Be5 {[%emt 0:00:50]} 39. Re7 {[%emt 0:00:26]} Bf4 {[%emt 0:00:18]} 40. Kg1 {[%emt 0:00:00]} Kg6 {[%emt 0:00:00]} 41. a4 {[%emt 0:04:05]} h6 {[%emt 0:01:02]} 42. Kf1 {[%emt 0:01:41]} Kf6 {[%emt 0:06:52]} 43. Re8 {[%emt 0:02:25]} Bc7 {[%emt 0:03:11]} 44. Re6+ {[%emt 0:02:01]} Kg5 {[%emt 0:00:15]} 45. Re4 {[%emt 0:00:33]} Kf5 {[%emt 0:00:30]} 46. Rc4 {[%emt 0:01:00]} Bb6 {[%emt 0:01:18]} 47. Bc6 {[%emt 0:00:59]} Ke5 {[%emt 0:00:54]} 48. Bb5 {[%emt 0:02:04]} Rf2+ {[%emt 0:00:20]} 49. Ke1 {[%emt 0:00:06]} Rh2 {[%emt 0:00:21]} 50. Bd7 {[%emt 0:01:07]} Ba5+ {[%emt 0:05:44]} 51. Kf1 {[%emt 0:00:04]} Bb6 {[%emt 0:00:22]} 52. Bc8 {[%emt 0:02:10]} Rf2+ {[%emt 0:00:39]} 53. Ke1 {[%emt 0:00:33]} Rf4 {[%emt 0:00:24]} 54. Rc6 {[%emt 0:03:03]} Rf6 {[%emt 0:04:09]} 55. Rc2 {[%emt 0:00:28]} Ke4 {[%emt 0:03:27]} 56. Rb2 {[%emt 0:04:27]} Bd4 {[%emt 0:01:31]} 57. Rb3 {[%emt 0:01:48]} Rb6 {[%emt 0:00:12]} 58. Rb5 {[%emt 0:04:03]} Rxb5 {[%emt 0:00:15]} 59. axb5 {[%emt 0:00:04]} Kd5 {[%emt 0:01:03]} 1/2-1/2

[Event "80th ARM-ch 1st League 2019"]
[Site "Yerevan"]
[Date "2019.08.26"]
[Round "8.6"]
[White "Hayrapetyan, Hovik"]
[Black "Torosyan, Norayr"]
[Result "1-0"]
[WhiteElo "2453"]
[BlackElo "2365"]
[Annotator "ChessBase"]
[PlyCount "105"]
[EventDate "2019.08.18"]
[EventType "tourn"]
[EventCountry "ARM"]
[SourceTitle "playchess.com"]
[Source "ChessBase"]
[SourceQuality "1"]
[TimeControl "40/5400+30:1800+30"]

1. c4 {[%emt 0:00:00]} c5 {[%emt 0:00:00]} 2. Nc3 {[%emt 0:00:00]} Nc6 {[%emt 0:00:29]} 3. g3 {[%emt 0:00:00]} g6 {[%emt 0:00:31]} 4. Bg2 {[%emt 0:00:00]} Bg7 {[%emt 0:00:08]} 5. Nf3 {[%emt 0:01:24]} e5 {[%emt 0:00:29]} 6. O-O {[%emt 0:00:07]} Nge7 {[%emt 0:00:12]} 7. Ne1 {[%emt 0:00:30]} d6 {[%emt 0:02:20]} 8. Nc2 {[%emt 0:00:07]} h5 {[%emt 0:09:36]} 9. Rb1 {[%emt 0:10:42]} h4 {[%emt 0:06:11]} 10. b4 {[%emt 0:00:33]} Rb8 {[%emt 0:12:44]} 11. bxc5 {[%emt 0:03:13]} dxc5 {[%emt 0:00:03]} 12. Ne3 {[%emt 0:00:48]} b6 {[%emt 0:07:51]} 13. Ned5 {[%emt 0:02:15]} Be6 {[%emt 0:00:08]} 14. d3 {[%emt 0:03:05]} Qd7 {[%emt 0:05:59]} 15. Bg5 {[%emt 0:02:19]} Bh3 {[%emt 0:03:06]} 16. Nxe7 {[%emt 0:06:47]} Bxg2 {[%emt 0:02:49]} 17. Kxg2 {[%emt 0:02:37]} hxg3 {[%emt 0:01:13]} 18. h4 {[%emt 0:01:06]} Nxe7 {[%emt 0:02:50]} 19. Bxe7 {[%emt 0:00:26]} Qxe7 {[%emt 0:08:45]} 20. Qa4+ {[%emt 0:00:43]} Qd7 {[%emt 0:04:23]} 21. Qxd7+ {[%emt 0:00:49]} Kxd7 {[%emt 0:00:01]} 22. fxg3 {[%emt 0:00:07]} f5 {[%emt 0:00:40]} 23. e4 {[%emt 0:00:05]} Ke6 {[%emt 0:03:11]} 24. Nd5 {[%emt 0:05:42]} Bh6 {[%emt 0:04:32]} 25. a4 {[%emt 0:10:24]} Bd2 {[%emt 0:00:07]} 26. Rb2 {[%emt 0:00:56]} Ba5 {[%emt 0:00:04]} 27. Rbf2 {[%emt 0:00:43]} Rbf8 {[%emt 0:01:50]} 28. Kh3 {[%emt 0:02:52]} Rh7 {[%emt 0:02:48]} 29. Ne3 {[%emt 0:09:06]} Rhf7 {[%emt 0:01:50]} 30. Nd5 {[%emt 0:03:19]} Rh7 {[%emt 0:00:47]} 31. Kg2 {[%emt 0:00:30]} Bb4 {[%emt 0:09:27]} 32. Rh1 {[%emt 0:03:14]} Rfh8 {[%emt 0:03:15]} 33. Kf3 {[%emt 0:03:11]} Ba5 {[%emt 0:01:31]} 34. Ke2 {[%emt 0:00:35]} Rf7 {[%emt 0:01:32]} 35. Rhf1 {[%emt 0:01:22]} Rhf8 {[%emt 0:01:40]} 36. Ke3 {[%emt 0:07:33]} Rh8 {[%emt 0:00:50]} 37. Ke2 {[%emt 0:01:44]} Rhf8 {[%emt 0:02:12]} 38. h5 {[%emt 0:04:35]} fxe4 {[%emt 0:00:06]} 39. Nc7+ {[%emt 0:00:57]} Ke7 {[%emt 0:00:17]} 40. Rxf7+ {[%emt 0:00:00]} Rxf7 {[%emt 0:00:00]} 41. Rxf7+ {[%emt 0:00:27]} Kxf7 {[%emt 0:00:07]} 42. hxg6+ {[%emt 0:00:04]} Kxg6 {[%emt 0:00:03]} 43. dxe4 {[%emt 0:00:03]} Kh5 {[%emt 0:03:53]} 44. Kf3 {[%emt 0:00:41]} Kg5 {[%emt 0:01:42]} 45. Ne6+ {[%emt 0:06:03]} Kh5 {[%emt 0:08:44]} 46. Nd8 {[%emt 0:02:17]} b5 {[%emt 0:01:26]} 47. Nc6 {[%emt 0:00:27]} bxa4 {[%emt 0:00:01]} 48. Nxa5 {[%emt 0:00:07]} a3 {[%emt 0:00:02]} 49. Nb3 {[%emt 0:00:13]} a2 {[%emt 0:00:05]} 50. Kg2 {[%emt 0:00:11]} Kg4 {[%emt 0:01:09]} 51. Na1 {[%emt 0:00:05]} a5 {[%emt 0:06:05]} 52. Nc2 {[%emt 0:00:12]} a4 {[%emt 0:00:03]} 53. Na1 {[%emt 0:00:05]} 1-0